000 01217nam a2200325 c 4500
003 BLK
005 20230513030346.0
008 180409b bul|||||r ||||||| ||bul||
010 _aKNG00113258000
020 _a954-585-535-5
_bиздат.: Бард
040 _aBLK
041 _aBUL
_cBUL
080 _aАмериканска литература (на САЩ)
_b821.111(73)
_x-31
_z821.111(73)-31
100 1 _aТод, Катрин
_eпърви автор
_9292585
700 1 _aЧизмарова, Елена Николова
_eпрев.
_9141741
700 1 _aГенчева, Цветана Тодорова
_9364265
139 _aТод, Катрин
_bТ 63
245 1 0 _aТайният живот на вторите съпруги
_bРоман
_cКатрин Тод; прев. Елена Чизмарова; прев. Цветана Генчева.
257 _aBGR
260 София
_bБард
_c2004
300 _a254 с.
_c20 см
380 _aX
500 _aОриг. загл. Secret Lives of Second Wives / Catherine Todd. - Офс. изд.
653 _aромани
852 _aЦб 219681
856 4 _qpdf
_u
856 4 _qpdf
_u
942 _cKNG
_n0
_08
944 _aCR
_c27.05.2004
_kЛюдмила_Стоянова
944 _aED
_c27.05.2004
_k
999 _c107961
_d107961